| 000 | 00565nam a2200181Ia 4500 | ||
|---|---|---|---|
| 005 | 20250117041022.0 | ||
| 008 | 240331s9999 xx 000 0 und d | ||
| 020 | _a0521280028 | ||
| 082 |
_bPAU _22275 _a305.3 |
||
| 100 | _aRicoeur, P | ||
| 245 | 0 |
_aHermeneutics and the Human Sciences: _bEssays on language, action and interpretation |
|
| 260 |
_aCambridge _bCambridge University Press _c1981 |
||
| 260 |
_aParis _bEditions de la Maison des Sciences de l'Homme _c1981 |
||
| 300 | _aviii, 315 p., | ||
| 650 | _aSocial Science | ||
| 650 | _aHermeneutics | ||
| 942 | _cL | ||
| 999 |
_c1604 _d1604 |
||